Anglicko-český slovník pojišťovnictví
Guardado en:
| Autor Corporativo: | |
|---|---|
| Formato: | Libro |
| Lenguaje: | checo inglés |
| Publicado: |
Praha
Grada Publishing
2003
|
| Edición: | 1. vydání |
| Colección: | Finanční trhy a instituce
|
| Materias: | |
| Etiquetas: |
Sin Etiquetas, Sea el primero en etiquetar este registro!
|
MARC
| LEADER | 00000nam$a2200000$$$4500 | ||
|---|---|---|---|
| 001 | 0002221 | ||
| 005 | 20240315114353.0 | ||
| 020 | |a 80-247-0248-7 | ||
| 041 | 0 | |a cze | |
| 041 | 0 | |a eng | |
| 044 | |a CZ | ||
| 245 | 1 | 0 | |a Anglicko-český slovník pojišťovnictví |c kolektiv autorů z ČAP |
| 250 | |a 1. vydání | ||
| 264 | 1 | |a Praha |b Grada Publishing |c 2003 | |
| 300 | |a 516 s. | ||
| 490 | 1 | |a Finanční trhy a instituce | |
| 830 | 0 | |a Finanční trhy a instituce | |
| 610 | 2 | 0 | |a poisťovníctvo |
| 610 | 2 | 0 | |a poistenie |
| 610 | 2 | 0 | |a poisťovne |
| 710 | 2 | |a Česká asociace pojišťoven | |